HANDBOOK OF CONFLICT RESOLUTION THEORY A (Record no. 24318)

MARC details
000 -LEADER
fixed length control field 00389nam a2200145Ia 4500
008 - FIXED-LENGTH DATA ELEMENTS--GENERAL INFORMATION
fixed length control field 240624s9999 xx 000 0 und d
041 ## - LANGUAGE CODE
Language code of text/sound track or separate title eng
082 ## - DEWEY DECIMAL CLASSIFICATION NUMBER
Classification number 303.69 COL
100 ## - MAIN ENTRY--PERSONAL NAME
Personal name COLEMAN PETER T
245 ## - TITLE STATEMENT
Title HANDBOOK OF CONFLICT RESOLUTION THEORY A
250 ## - EDITION STATEMENT
Edition statement (3rd ed.)
260 ## - PUBLICATION, DISTRIBUTION, ETC.
Date of publication, distribution, etc. 2014
Place of publication, distribution, etc. San Francisco
Name of publisher, distributor, etc. Jossey- Bass
300 ## - PHYSICAL DESCRIPTION
Extent xxxviii, : 1226 : p. : cm. ; 23
365 ## - TRADE PRICE
Currency code
Price amount 33
Holdings
Withdrawn status Lost status Damaged status Not for loan Home library Current library Shelving location Date acquired Source of acquisition Cost, normal purchase price Full call number Barcode Date last seen Copy number Price effective from Koha item type
        IMTN IMTN Rack 6-B 06/17/2015 RW 91.95 303.69 COL 24318 06/24/2024 67.5 06/24/2024 Books
Designed & Maintained by: LRC IMT Nagpur Contact: lrc@imtnag.ac.in© 2024. All Rights Reserved.